01508nam a22001457a 4500008004100000020001800041050001700059100001300076245006100089260002900150300004300179500002000222505109600242650002401338200721b xxu||||| |||| 00| 0 eng d a9781844807581 aHD30.213.O96 aOz, Effy aManagement information systems /cEffy Oz and Andy Jones aLondon:bCengage,c2006. axxxii, 544 p.:bill.;c26cm.e1 CD ROM aIncludes index. aContents: Business information systems: An Overview: EatsGo: Bunisess systems information -- Strategic uses of information systems: EatsGo: Using information strategically -- Business functions and supply chains: EatsGo: Continued growth and specialisation -- Information technology: Business hardware: Quickbiz messengers: Hardware streamlines processes -- Business software: Quikbiz messengers: Software steers a path to stability -- Business networks and telecommunications: Quickbiz messengers: Communication is key -- Databases and data warehouses:Quickbiz messengers: The Value and users of databases -- Web-enabled commerce: The Web-enabled enterprise: It fits outfits: Setting up operations on the internet -- Challenges of globa information systems: It fits outfits: Expanding globally -- Decision support and business intelligence: Decision support and expert systems: -- Business intelligence and knowledge management -- Planning, acquisition and controls: Systems planning and development -- Choices in systems acquisition -- Risks, security and disaster recovery -- Glossary.g  aInformation systems